000 00659nam a2200229Ia 4500
003 OSt
005 20220918202521.0
006 a|||||r|||| 00| 0
007 ta
008 220917b |||||||| |||| 00| 0 eng d
024 _a101,838
037 _cTextual
040 _aARTS
_cARTS
_beng
041 _2eng
_aeng
082 _aY217:44:5, L7
100 _aSteinmetz Suzanne K
_9104143
245 0 _aCycle of violence
_b asservative aggressive and abusive family interation
260 _aNewYork
_bPraeger Publishers
_c1977
650 _aSOCIOLOGY
942 _hY217:44:5, L7
_cTEXL
_2CC
999 _c225298
_d225298